00636nmm a2200145Ia 4500008004100000020001800041041000800059100003500067245020400102264007900306300001800385490002800403650000800431856005100439251105s9999||||xx |||||||||||||||||und|| a9789587167481 aspa aBarrero Tapias, José Ricardo 0aEntre la esperanza y el temor: análisis descriptivo de la elaboración de la Declaración Universal de los Derechos Humanos por la Comisión de Derechos Humanos de las Naciones Unidas, 1946-1948 a[Bogotá, Colombia] :bEditorial Pontificia Universidad Javeriana, c2015 a182 páginas aEstudios Sociológicos aLaw uhttps://public.digitaliapublishing.com/a/56170